| 000 | 00614nam a22002297a 4500 | ||
|---|---|---|---|
| 001 | 86191 | ||
| 003 | UA-OsUOA | ||
| 005 | 20211105204521.0 | ||
| 007 | ta | ||
| 008 | 20120827b un ||||| |||| 00| 0 ukr d | ||
| 040 |
_aUA-OsUOA _brus _cUA-OsUOA _dUA-OsUOA |
||
| 041 | _arus | ||
| 080 | _a94(47+57) | ||
| 090 |
_a94(47+57) _bИ32 |
||
| 245 |
_aИз истории гражданской войны в СССР _cКондюкова П. Д. |
||
| 260 |
_aМ. _bСоветская Россия _c1960 |
||
| 300 | _a828 с. | ||
| 505 | _gт. 1 | ||
| 650 | 7 |
_a94 Історія _2UDC |
|
| 942 |
_cBK _2udc |
||
| 955 | _a2 | ||
| 999 |
_c372481 _d372481 |
||